00918cam a22002651 4500001001300000003000400013005001700017008004100034010001700075035001900092040002600111042001200137050002300149100005500172245009500227260004800322300006100370410004700431504002800478650003600506650001900542650002100561650005300582999001700635gs 65000192 DLC20260227111416.0780712s1964 dcuab b f000 0 eng  ags 65000192  a(OCoLC)4047470 aDLCcOClUdOCoLCdDLC apremarc00aQE75b.B9 no. 11791 aMuffler, L. J. Patrickq(Leroy J. Patrick),d1937-10aGeology of the Frenchie Creek quadrangle, north-central Nevada,cby L. J. Patrick Muffler. aWashington,bU.S. Govt. Print. Off.,c1964. avi, 99 p.billus., maps (1 fold. col. in pocket)c24 cm.20aGeological Survey (U.S.).tBulletin,v1179 aBibliography: p. 94-96. 0aGeologyzNevadazEureka County. 0aIgneous rocks. 0aRocksxAnalysis. 0aFrenchie Creek quadrangle, north-central Nevada. c30015d30015